000 00682nam a2200169 a 4500
003 0
005 20250623105901.0
008 021118s19uu xx 00 eng d
050 _aPHS BF 724.3.P4
_b.F86 1999
100 _aFunayama, Sachie Anne D.
245 _aPerceptions on peer pressure of fourth year high school students from schools within Metro Manila /
_cSachie Anne D. Funayama.
260 _aLas PiƱas City, Philippines :
_bSouthville International School and Colleges,
_c1999.
300 _a37 pages :
_billustrations ;
_c28 cm.
504 _aIncludes bibliographical references.
650 _aPeer pressure in adolescence
_zPhilippines
_zMetro Manila.
942 _2lcc
_cPASS
999 _c96230
_d96230